Players with 100 NRL Tries - Statistics

General Stats
  • This quiz has been taken 31 times
  • The average score is 27 of 78
Answer Stats
Hint Clubs Answer % Correct
190 Storm Billy Slater
79%
187 Rabbitohs Alex Johnston
74%
176 Dragons, Bulldogs, Roosters Brett Morris
68%
149 Storm, Rabbitohs Greg Inglis
68%
158 Dragons, Bulldogs, Sharks, Roosters Josh Morris
68%
180 Manly, Northern Eagles Steve Menzies
68%
122 St George, Roosters Steve Morris
68%
129 Tigers, Storm, Bulldogs Josh Addo-Carr
63%
122 Broncos Darren Lockyer
58%
115 Bulldogs, Broncos Darren Smith
58%
121 Tigers, Roosters James Tedesco
58%
118 Broncos Corey Oates
53%
122 Eels, Manly Jamie Lyon
53%
136 Raiders Jarrod Croker
53%
121 Eels, Titans Jarryd Hayne
53%
120 Raiders Jason Croker
53%
122 Panthers, Sharks Luke Lewis
53%
166 Sharks Andrew Ettingshausen
47%
101 Storm, Roosters Cooper Cronk
47%
159 Bulldogs Hazem El Masri
47%
212 Bears, Manly Ken Irvine
47%
128 Cowboys Kyle Feldt
47%
130 Cowboys Matt Bowen
47%
124 Dragons Matt Cooper
47%
143 Roosters Daniel Tupou
42%
110 Dragons Jason Nightingale
42%
127 Broncos, Dragons Wendell Sailor
42%
129 Knights, Manly Akuila Uate
37%
100 Broncos Allan Langer
37%
139 Roosters Anthony Minichiello
37%
122 Panthers, Roosters Brad Fittler
37%
163 Manly Brett Stewart
37%
152 Warriors Manu Vatuvei
37%
127 St George Reg Gasnier
37%
142 Broncos Steve Renouf
37%
164 Magpies, Bulldogs Terry Lamb
37%
126 Sharks, Raiders, Roosters, Eels Blake Ferguson
32%
110 Eels Brett Kenny
32%
117 Sharks, Rabbitohs David Peachey
32%
106 Newtown, Roosters, Raiders John Ferguson
32%
105 Titans, Raiders Jordan Rapana
32%
107 Sharks, Titans Mat Rogers
32%
120 Broncos Michael Hancock
32%
154 Panthers, Roosters, Eels Michael Jennings
32%
121 Roosters, St George, Dragons Nathan Blacklock
32%
154 Rabbitohs, Sharks Nathan Merritt
32%
139 Roosters, Knights Shaun Kenny-Dowall
32%
106 Dragons, Panthers, Roosters Amos Roberts
26%
111 Panthers, Warriors Greg Alexander
26%
124 Eels Luke Burt
26%
159 Panthers, Roosters, Cowboys Matt Sing
26%
129 Panthers, Rabbitohs Rhys Wesser
26%
104 Roosters Bill Mullins
21%
147 Sea Eagles, Roosters Bob Fulton
21%
122 Raiders, Roosters Brett Mullins
21%
104 Tigers, Storm David Nofoaluma
21%
146 Glebe, St George Frank Burge
21%
100 Illawarra, Dragons, Bulldogs Luke Patten
21%
113 Perth, Storm Matt Geyer
21%
109 Illawarra, Panthers Ryan Girdler
21%
121 Knights, Eels, Panthers Timana Tahu
21%
109 Sharks, Dragons, Raiders, Rabbitohs Colin Best
16%
143 St George Johnny King
16%
140 Warriors, Bulldogs, Sharks, Rabbitohs Nigel Vagana
16%
102 Eels, Cowboys Ashley Graham
11%
144 Rabbitohs Benny Wearing
11%
119 Rabbitohs, Bulldogs Bob McCarthy
11%
103 Sharks, Panthers David Simmons
11%
152 Rabbitohs, Bears Harold Horder
11%
138 Manly, Rabbitohs, Bears, Raiders, St George, Warriors Phil Blake
11%
128 Balmain, Newtown Sid Goodwin
11%
100 Balmain, Rabbitohs, Cowboys Tim Brasher
11%
137 Manly, St George Eddie Lumsden
5%
119 Rabbitohs, Magpies Ian Moir
5%
110 St George Jack Lindwall
5%
115 Newtown, Eels Ray Preston
5%
116 Roosters, Bears, St George Ricky Walford
5%
112 Rabbitohs, Manly Tom Mooney
5%
No matching quizzes found
Score Distribution
Percent of People with Each Score
Percentile by Number Answered
Your Score History
You have not taken this quiz